[Event "Wil Acrevis op 1st"]
[Site "Wil"]
[Date "2020.06.20"]
[Round "3"]
[White "Steinfeld, Elia"]
[Black "Niederberger, Raphael"]
[Result "0-1"]
[WhiteElo "1456"]
[BlackElo "1947"]
[PlyCount "64"]
[EventDate "2020.06.19"]
[EventType "swiss"]
[EventRounds "5"]
[EventCountry "SUI"]
[SourceTitle "CBM 197 Extra"]
[Source "ChessBase"]
[SourceDate "2020.09.30"]
[SourceVersion "1"]
[SourceVersionDate "2020.09.30"]
[SourceQuality "1"]

1. e4 c5 2. Nf3 d6 3. d4 cxd4 4. Nxd4 Nf6 5. Nc3 a6 6. Bg5 Nbd7 7. Qe2 Qc7 8. f4 e5 9. fxe5 dxe5 10. Nb3 h6 11. Bh4 Bb4 12. 0-0-0 Bxc3 13. bxc3 a5 14. Rd3 a4 15. Nd2 b6 16. c4 Ba6 17. Ra3 Bb7 18. g4 Nc5 19. Bxf6 gxf6 20. Bg2 Qd6 21. Rf3 Ke7 22. Rhf1 Ne6 23. Rxf6 Nf4 24. R1xf4 Qa3+ 25. Kb1 Qb4+ 26. Kc1 exf4 27. e5 Bxg2 28. Qxg2 Rhd8 29. Qb7+ Rd7 30. Qxa8 Qxd2+ 31. Kb2 Qb4+ 32. Kc1 Qa3+ 0-1